Jujutsu Kaisen-6 (Record no. 12364)
[ view plain ]
| 000 -LEADER | |
|---|---|
| fixed length control field | 00253nam a22000977a 4500 |
| 008 - FIXED-LENGTH DATA ELEMENTS--GENERAL INFORMATION | |
| fixed length control field | 230714b |||||||| |||| 00| 0 eng d |
| 020 ## - INTERNATIONAL STANDARD BOOK NUMBER | |
| International Standard Book Number | 9781974714827 |
| 100 ## - MAIN ENTRY--PERSONAL NAME | |
| Personal name | Akutami Gege |
| 9 (RLIN) | 7692 |
| 245 ## - TITLE STATEMENT | |
| Title | Jujutsu Kaisen-6 |
| 260 ## - PUBLICATION, DISTRIBUTION, ETC. (IMPRINT) | |
| Place of publication, distribution, etc. | San Francisco |
| Name of publisher, distributor, etc. | Viz Media |
| Date of publication, distribution, etc. | 2022 |
| Withdrawn status | Lost status | Source of classification or shelving scheme | Damaged status | Koha normalized classification for sorting | Not for loan | Home library | Current library | Shelving location | Date acquired | Total Checkouts | Full call number | Barcode | Date last seen | Date last checked out | Price effective from | Koha item type |
|---|---|---|---|---|---|---|---|---|---|---|---|---|---|---|---|---|
| Dewey Decimal Classification | AKU_741_590000000000000 | Good Samaritan School Library | Good Samaritan School Library | FICTION | 07/14/2023 | 3 | AKU741.59 | AKU17683 | 02/09/2024 | 08/09/2023 | 07/14/2023 | BOOK |